<?xml version="1.0" encoding="UTF-8"?><marc:collection xmlns:marc="http://www.loc.gov/MARC21/slim">
  <marc:record>
    <marc:leader>00000nam  2200000za 4500</marc:leader>
    <marc:controlfield tag="001">9.631426</marc:controlfield>
    <marc:controlfield tag="003">CaOODSP</marc:controlfield>
    <marc:controlfield tag="005">20210615110417</marc:controlfield>
    <marc:controlfield tag="007">cr |||||||||||</marc:controlfield>
    <marc:controlfield tag="008">150407|2004||||xxc|||||o    f|0| 0 fre d</marc:controlfield>
    <marc:datafield tag="020" ind1=" " ind2=" ">
      <marc:subfield code="a">0-662-76619-9</marc:subfield>
    </marc:datafield>
    <marc:datafield tag="040" ind1=" " ind2=" ">
      <marc:subfield code="a">CaOODSP</marc:subfield>
      <marc:subfield code="b">fre</marc:subfield>
    </marc:datafield>
    <marc:datafield tag="043" ind1=" " ind2=" ">
      <marc:subfield code="a">n-cn---</marc:subfield>
    </marc:datafield>
    <marc:datafield tag="086" ind1="1" ind2=" ">
      <marc:subfield code="a">TU4-14/2004F-HTML</marc:subfield>
    </marc:datafield>
    <marc:datafield tag="110" ind1="2" ind2=" ">
      <marc:subfield code="a">Bureau de la sécurité des transports du Canada.</marc:subfield>
    </marc:datafield>
    <marc:datafield tag="245" ind1="1" ind2="0">
      <marc:subfield code="a">Naufrage avec pertes de vie du véhicule amphibie à passagers Lady Duck dans la rivière des Outaouais près de la Marina de Hull, Gatineau (Québec), le 23 juin 2002 : </marc:subfield>
      <marc:subfield code="h">[ressource électronique]</marc:subfield>
      <marc:subfield code="b">Rapport d'enquête maritime M02C0030 </marc:subfield>
    </marc:datafield>
    <marc:datafield tag="260" ind1=" " ind2=" ">
      <marc:subfield code="a">Ottawa - Ontario : </marc:subfield>
      <marc:subfield code="b">Bureau de la sécurité des transports du Canada </marc:subfield>
      <marc:subfield code="c">2004.</marc:subfield>
    </marc:datafield>
    <marc:datafield tag="520" ind1="3" ind2=" ">
      <marc:subfield code="a">Ce rapport décrit en détail l’enquête effectuée par le Bureau de la sécurité des transports du Canada par suite du naufrage du véhicule amphibie et de la mort de quatre de ses passagers. Des renseignements factuels (par exemple, la construction du véhicule, les procédures normales d’exploitation de l’entreprise, et l’utilisation et la disponibilité de l’équipement de sauvetage) sont suivis d’une analyse de la cause du naufrage et des pertes de vie et d’une description des mesures qui sont prises. Le rapport examine également les mesures qui devraient être prises pour éviter d’autres incidents similaires.</marc:subfield>
    </marc:datafield>
    <marc:datafield tag="691" ind1="0" ind2="7">
      <marc:subfield code="a">Accident maritime</marc:subfield>
      <marc:subfield code="2">gcpds</marc:subfield>
    </marc:datafield>
    <marc:datafield tag="775" ind1="0" ind2="8">
      <marc:subfield code="t">Sinking and loss of life - amphibious passenger vehicle Lady Duck, Ottawa River near the Hull Marina, Gatineau, Quebec, 23 June 2002 : </marc:subfield>
      <marc:subfield code="w">(CaOODSP)9.686963</marc:subfield>
    </marc:datafield>
    <marc:datafield tag="776" ind1="0" ind2="#">
      <marc:subfield code="t">Naufrage avec pertes de vie du véhicule amphibie à passagers Lady Duck dans la rivière des Outaouais près de la Marina de Hull, Gatineau (Québec), le 23 juin 2002 : </marc:subfield>
      <marc:subfield code="w">(CaOODSP)9.682486</marc:subfield>
    </marc:datafield>
    <marc:datafield tag="856" ind1="4" ind2="0">
      <marc:subfield code="u">http://www.tsb.gc.ca/fr/reports/marine/2002/m02c0030/m02c0030.asp</marc:subfield>
      <marc:subfield code="s">N/A</marc:subfield>
      <marc:subfield code="q">HTML</marc:subfield>
    </marc:datafield>
  </marc:record>
</marc:collection>
